Statistics for Top 30 NFL players with the most forced fumbles

Click here to take the quiz!

General Stats

  • This quiz has been taken 11 times
  • The average score is 9 of 30

Answer Stats

Rank# of FFYearDrafted TeamAnswer% Correct
8431985-2003BillsBruce Smith
100%
29292013-PresentRaidersKhalil Mack
100%
28301988-2000ChiefsNeil Smith
89%
19342012-PresentPatriotsChandler Jones
78%
21331985-2000EaglesReggie White
78%
2522002-2018PanthersJulius Peppers
67%
5461997-2011DolphinsJason Taylor
56%
13361996-2011EaglesBrian Dawkins
44%
22331998-2015RaidersCharles Woodson
33%
4472002-2017ColtsDwight Freeney
33%
18342002-2017SteelersJames Harrison
33%
10401981-1995SaintsRickey Jackson
33%
12372003-2019RavensTerrell Suggs
33%
7442003-2015BearsCharles Tillman
22%
17352005-2016CowboysDeMarcus Ware
22%
23322004-2015ChiefsJared Allen
22%
1542003-2016ColtsRobert Mathis
22%
9411989-1999ChiefsDerrick Thomas
11%
30291990-2003VikingsJohn Randle
11%
16352003-2014GiantsOsi Umenyiora
11%
11371983-1997BearsRichard Dent
11%
6441985-1999VikingsChris Doleman
0%
27302008-2017LionsCliff Avril
0%
25311987-2000ColtsCornelius Bennett
0%
15351988-1998SteelersGreg Lloyd
0%
3472000-2014JetsJohn Abraham
0%
26311998-2009RamsLeonard Little
0%
14361986-1998SaintsPat Swilling
0%
24322001-PresentRamsRobert Quinn
0%
20332006-2017ChiefsTamba Hali
0%

Score Distribution

Percentile by Number Answered

Percent of People with Each Score

Your Score History

You have not taken this quiz